000 00284nam a2200121Ia 4500
005 20251222144907.0
008 251222s9999||||xx |||||||||||||| ||spa||
082 _a708.44/M84
100 _aMogne, Pascal
245 0 _aTresors Americains:
264 _bEditions du Griot
942 _cLIB
999 _c22201
_d22201